India booms : (Record no. 5706)

MARC details
000 -LEADER
fixed length control field 01261cam a2200205 4500
001 - CONTROL NUMBER
control field 6766
020 ## - INTERNATIONAL STANDARD BOOK NUMBER
International Standard Book Number 9780753513545 (pbk.)
100 1# - MAIN ENTRY--PERSONAL NAME
Personal name Farndon, John
245 10 - TITLE STATEMENT
Title India booms :
Remainder of title the breathtaking development and influence of modern India /
Statement of responsibility, etc. John Farndon
260 ## - PUBLICATION, DISTRIBUTION, ETC.
Place of publication, distribution, etc. London :
Name of publisher, distributor, etc. Virgin,
Date of publication, distribution, etc. 2008
300 ## - PHYSICAL DESCRIPTION
Extent 262 p. :
Other physical details ill., maps ;
Dimensions 20 cm
500 ## - GENERAL NOTE
General note Originally published: 2007
504 ## - BIBLIOGRAPHY, ETC. NOTE
Bibliography, etc. note Includes bibliographical references and index
505 ## - FORMATTED CONTENTS NOTE
Formatted contents note CONTENTS: India's Booming Economy -- The Government of India -- Religious India -- India and Pakistan -- India and the USA -- Village India -- Metro India -- Young India -- Cutting-edge India -- India Faces the Future.
Miscellaneous information
Statement of responsibility
Title
520 ## - SUMMARY, ETC.
Summary, etc. "India Booms gives a fascinating insight into the country's politics, economy, social organisation, culture and relationships with other nations. The perfect companion to your travel guide, this detailed analysis of the country as it is today shows how it will develop in the future, and the dramatic effect it will have on the rest of the world."--BOOK JACKET.
651 #0 - SUBJECT ADDED ENTRY--GEOGRAPHIC NAME
Geographic name India
General subdivision Economic conditions
Chronological subdivision 1947-
Geographic name India
General subdivision Politics and government
Chronological subdivision 1977-
Geographic name India
General subdivision Social conditions
Chronological subdivision 1947-
Holdings
Withdrawn status Lost status Source of classification or shelving scheme Damaged status Not for loan Collection code Home library Current library Shelving location Date acquired Serial Enumeration / chronology Inventory number Total Checkouts Full call number Barcode Date last seen Price effective from Koha item type
    Dewey Decimal Classification     Main TEST RTC Library RTC Library Main opac 27/11/2018 10557   303.4 FAR 30010521 12/01/2022 27/11/2018 Main
Royal Thimphu College || All Right Reserved